<?xml version="1.0" encoding="UTF-8"?>
<record
    xmlns:xsi="http://www.w3.org/2001/XMLSchema-instance"
    xsi:schemaLocation="http://www.loc.gov/MARC21/slim http://www.loc.gov/standards/marcxml/schema/MARC21slim.xsd"
    xmlns="http://www.loc.gov/MARC21/slim">

  <leader>01577cam a2200265   4500</leader>
  <controlfield tag="001">35812</controlfield>
  <controlfield tag="003">BD-RjUL</controlfield>
  <controlfield tag="005">20211209052402.0</controlfield>
  <controlfield tag="008">140609s1921    e        b    001 0 eng d</controlfield>
  <datafield tag="035" ind1=" " ind2=" ">
    <subfield code="a">(BD-RjUL)35907</subfield>
  </datafield>
  <datafield tag="040" ind1=" " ind2=" ">
    <subfield code="a">DLC</subfield>
    <subfield code="c">DLC</subfield>
    <subfield code="d">BD-RjUL</subfield>
    <subfield code="b">eng</subfield>
  </datafield>
  <datafield tag="041" ind1=" " ind2=" ">
    <subfield code="a">eng</subfield>
  </datafield>
  <datafield tag="082" ind1="0" ind2="0">
    <subfield code="a">320.9</subfield>
    <subfield code="b">CAH  1909</subfield>
  </datafield>
  <datafield tag="100" ind1="1" ind2=" ">
    <subfield code="a">Carlyle, R. W.</subfield>
    <subfield code="q">(Robert Warrand),</subfield>
    <subfield code="d">1859-1934.</subfield>
    <subfield code="9">108980</subfield>
  </datafield>
  <datafield tag="245" ind1="0" ind2="2">
    <subfield code="a">A history of medi&#xE6;val political theory in the West /</subfield>
    <subfield code="c">by Sir R. W. Carlyle and A. J. Carlyle.</subfield>
    <subfield code="n">Vol. II</subfield>
    <subfield code="p">The political theory of the Roman lawyers and the canonists, from the tenth century to the thirteenth century, by A. J. Carlyle. </subfield>
  </datafield>
  <datafield tag="260" ind1=" " ind2=" ">
    <subfield code="a">Edinburgh ;</subfield>
    <subfield code="a">London :</subfield>
    <subfield code="b">W. Blackwood &amp; sons ltd.,</subfield>
    <subfield code="c">1909.</subfield>
  </datafield>
  <datafield tag="300" ind1=" " ind2=" ">
    <subfield code="a">xix, 274 p. ;</subfield>
    <subfield code="c">23 cm.</subfield>
  </datafield>
  <datafield tag="504" ind1=" " ind2=" ">
    <subfield code="a">Texts of authorities referred to in each volume.</subfield>
  </datafield>
  <datafield tag="505" ind1="0" ind2=" ">
    <subfield code="a">I. The second century to the ninth, by A. J. Carlyle, 3d ed. 1930.--II. The political theory of the Roman lawyers and the canonists, from the tenth century to the thirteenth century, by A. J. Carlyle. 2d impression. 1928.--III. Political theory from the tenth century to the thirteenth, by A. J. Carlyle. 1928.--IV. The theories of the relation of the empire and the papacy from the tenth century to the twelfth, by A. J. Carlyle. 2d impression. 1932.--V. The political theory of the thirteenth century. 1928.--VI. Political theory from 1300 to 1600. 1936.</subfield>
  </datafield>
  <datafield tag="650" ind1=" " ind2="0">
    <subfield code="a">Political science</subfield>
    <subfield code="x">History.</subfield>
    <subfield code="9">108981</subfield>
  </datafield>
  <datafield tag="700" ind1="1" ind2=" ">
    <subfield code="a">Carlyle, A. J.</subfield>
    <subfield code="q">(Alexander James),</subfield>
    <subfield code="d">1861-1943.</subfield>
    <subfield code="9">108982</subfield>
  </datafield>
  <datafield tag="942" ind1=" " ind2=" ">
    <subfield code="2">ddc</subfield>
    <subfield code="c">BK</subfield>
  </datafield>
  <datafield tag="999" ind1=" " ind2=" ">
    <subfield code="c">35812</subfield>
    <subfield code="d">35812</subfield>
  </datafield>
  <datafield tag="952" ind1=" " ind2=" ">
    <subfield code="0">0</subfield>
    <subfield code="1">0</subfield>
    <subfield code="2">ddc</subfield>
    <subfield code="4">0</subfield>
    <subfield code="7">0</subfield>
    <subfield code="8">NFIC</subfield>
    <subfield code="a">RUCL</subfield>
    <subfield code="b">RUCL</subfield>
    <subfield code="c">Stack</subfield>
    <subfield code="d">1965-01-07</subfield>
    <subfield code="e">Zeitlinger</subfield>
    <subfield code="g">25.00</subfield>
    <subfield code="l">0</subfield>
    <subfield code="o">320.9 CAH  V-2   1909</subfield>
    <subfield code="r">2014-06-09 00:00:00</subfield>
    <subfield code="t">C-2</subfield>
    <subfield code="w">2021-12-09</subfield>
    <subfield code="y">BK</subfield>
  </datafield>
</record>
